Nhà văn hiện đại Phê bình văn học T.2
Đã lưu trong:
| 主要作者: | |
|---|---|
| 格式: | 圖書 |
| 出版: |
H.
Văn học
1989
|
| 主題: | |
| 標簽: |
添加標簽
沒有標簽, 成為第一個標記此記錄!
|
| Thư viện lưu trữ: | Trung tâm Học liệu Lê Vũ Hùng, Trường Đại học Đồng Tháp |
|---|
| LEADER | 00635pam a22002058a 4500 | ||
|---|---|---|---|
| 001 | 00042323 | ||
| 005 | 20180914130945.0 | ||
| 008 | 110420s1998 ||||||Viesd | ||
| 020 | # | # | |c 5250 |
| 041 | 0 | # | |a Vie |
| 082 | 1 | 4 | |a 895.922 09 |b NH100V |
| 100 | 0 | # | |a Vũ Ngọc Phan |
| 245 | 0 | 0 | |a Nhà văn hiện đại |b Phê bình văn học |c Vũ Ngọc Phan |n T.2 |
| 260 | # | # | |a H. |b Văn học |c 1989 |
| 300 | # | # | |a 1191 tr. |b ảnh chân dung |c 19cm. |
| 653 | # | # | |a Phê bình |
| 653 | # | # | |a Văn học |
| 852 | # | # | |j KM.0025593 |
| 910 | |d 14/09/2018 | ||
| 980 | # | # | |a Trung tâm Học liệu Lê Vũ Hùng, Trường Đại học Đồng Tháp |